• 首页
  • 本馆介绍
  • 公告通知
  • 最新文献
  • 馆藏检索
  • 电子资源
  • 读者导购
  • 参考咨询
  • 我的图书馆
  • 登录
  • 详细信息显示
  • 放入我的书架
  • 预约/预借图书
  • 作者相关作品
  • 分类相关作品
  • 丛书相关作品
  • 出版社相关作品

书目信息

  • 表格格式
  • 工作单格式
  • 卡片格式
题名:
装备体系多Agent建模与仿真方法
    
 
作者: 邢维艳 , 闫雪飞 , 刘东 著
分册:  
出版信息: 北京   国防工业出版社  2020
页数: 17,157页
开本: 24cm
丛书名:
单 册:
中图分类: TJ06
科图分类:
主题词: 武器装备--系统建模 , 武器装备--系统仿真
电子资源:
ISBN: 978-7-118-12071-4
000 01165nam0 2200277 450
001 2272936690
005 20220917201600.81
010    @a978-7-118-12071-4@b精装@dCNY98.00
100    @a20201110d2020 em y0chiy50 ea
101 0  @achi@deng@eeng
102    @aCN@b110000
105    @aa z 000yy
200 1  @a装备体系多Agent建模与仿真方法@9zhuang bei ti xi duo Agent jian mo yu fang zhen fang fa@dMulti-Agent based modeling and simulation of equipment systems@f邢维艳, 闫雪飞, 刘东著@zeng
210    @a北京@c国防工业出版社@d2020
215    @a17,157页@c图@d24cm
300    @a国防科技图书出版基金
330    @a本书介绍了装备体系多Agent建模与仿真方法的框架、关键技术和应用等重要内容,并进行了大量的仿真实验分析。本书关注的主要领域包括相关研究与应用、建模基础、计算复杂度的解决、认知复杂度的解决,以及客观评估等几个方面。
510 1  @aMulti-Agent based modeling and simulation of equipment systems@zeng
606 0  @a武器装备@x系统建模
606 0  @a武器装备@x系统仿真
690    @aTJ06@v5
701  0 @a邢维艳@9xing wei yan@4著
701  0 @a闫雪飞@9yan xue fei@4著
701  0 @a刘东@9liu dong@4著
801  0 @aCN@b91MARC@c20201205
905    @aZUCC@dTJ06@e1
    
    装备体系多Agent建模与仿真方法=Multi-Agent based modeling and simulation of equipment systems/邢维艳, 闫雪飞, 刘东著.-北京:国防工业出版社,2020
    17,157页:图;24cm
    国防科技图书出版基金
    
    ISBN 978-7-118-12071-4(精装):CNY98.00
    本书介绍了装备体系多Agent建模与仿真方法的框架、关键技术和应用等重要内容,并进行了大量的仿真实验分析。本书关注的主要领域包括相关研究与应用、建模基础、计算复杂度的解决、认知复杂度的解决,以及客观评估等几个方面。
●
相关链接 在五车中查询图书 在当当中查询图书 在豆瓣中查询图书


正题名:装备体系多Agent建模与仿真方法     索取号:TJ06/1         预约/预借

序号 登录号 条形码 馆藏地/架位号 状态 备注
1 2000897023   2000897023   第三书库/ [索取号:TJ06/1] 在馆    
2 2000897024   2000897024   第三书库/ [索取号:TJ06/1] 在馆    
3 2000897025   2000897025   第三书库/ [索取号:TJ06/1] 在馆    
山东省滨州职业学院图书馆 欢迎您!
大连网信软件有限公司© 版权所有